[Event "CRO-ch U15"]
[Site "Trogir"]
[Date "2020.08.25"]
[Round "3"]
[White "Jaksic, Josip"]
[Black "Katalenic, Patrik"]
[Result "0-1"]
[WhiteElo "1591"]
[BlackElo "1380"]
[PlyCount "78"]
[EventDate "2020.08.24"]
[EventType "swiss"]
[EventRounds "9"]
[EventCountry "CRO"]
[SourceTitle "CBM 198 Extra"]
[Source "ChessBase"]
[SourceDate "2020.11.30"]
[SourceVersion "1"]
[SourceVersionDate "2020.11.30"]
[SourceQuality "1"]

1. e4 c5 2. Nf3 d6 3. d4 cxd4 4. Nxd4 Nf6 5. Nc3 a6 6. Be3 g6 7. Qd2 Bg7 8. Be2 Bd7 9. h3 Nc6 10. Nb3 b5 11. a3 Rc8 12. 0-0 Be6 13. Nd4 Nxd4 14. Bxd4 Bc4 15. Bxc4 Rxc4 16. Qd3 0-0 17. Rfe1 Qa8 18. b3 Rc7 19. Rad1 Rfc8 20. Bxf6 Bxf6 21. Nd5 Rc6 22. Nxf6+ exf6 23. Rc1 Re8 24. Re2 Qa7 25. Qf3 Qc5 26. Rce1 Kg7 27. b4 Qc3 28. Re3 Qxc2 29. h4 Rec8 30. h5 Qb2 31. hxg6 hxg6 32. Qg4 Rc1 33. Qh4 Rxe1+ 34. Rxe1 Rc1 35. f3 Qxa3 36. Kh2 Rc4 37. Rh1 Qe3 38. f4 Rxe4 39. g3 Qf3 0-1

[Event "CRO-chT U16 29th"]
[Site "Sesvete"]
[Date "2020.06.20"]
[Round "1.1"]
[White "Katalenic, Patrik"]
[Black "Domovic, Ognjen"]
[Result "0-1"]
[WhiteElo "1379"]
[BlackElo "1634"]
[PlyCount "62"]
[EventDate "2020.06.20"]
[EventType "team-tourn"]
[EventRounds "9"]
[EventCountry "CRO"]
[SourceTitle "EXT 2021"]
[Source "ChessBase"]
[SourceDate "2020.10.23"]
[SourceVersion "1"]
[SourceVersionDate "2020.10.23"]
[SourceQuality "1"]
[WhiteTeam "Krizevci"]
[BlackTeam "Durdevac Picok"]
[WhiteTeamCountry "CRO"]
[BlackTeamCountry "CRO"]

1. e4 c5 2. Nf3 d6 3. d4 cxd4 4. Nxd4 Nf6 5. f3 g6 6. c4 Bg7 7. Nc3 0-0 8. Be3 Nc6 9. Be2 Nd7 10. Qd2 a6 11. Nd5 Re8 12. 0-0 Nxd4 13. Bxd4 Bxd4+ 14. Qxd4 Nc5 15. Rad1 Be6 16. Rc1 Bxd5 17. cxd5 Rc8 18. Rfe1 Qd7 19. b3 b5 20. Rc3 Qb7 21. Rec1 Nd7 22. Rc6 Ne5 23. Rxc8 Rxc8 24. Qd2 Qb6+ 25. Kf1 Rxc1+ 26. Qxc1 Qd4 27. Qc8+ Kg7 28. Qxa6 Nd3 29. Bxd3 Qxd3+ 30. Kf2 Qd2+ 31. Kg3 g5 0-1